| 000 | 01065cam a22002894a 4500 | ||
|---|---|---|---|
| 999 |
_c7932 _d7932 |
||
| 001 | 15519985 | ||
| 003 | OSt | ||
| 005 | 20220803094503.0 | ||
| 008 | 081113s2008 enka bf 001 0 eng | ||
| 010 | _a 2008279035 | ||
| 020 | _a9780340946886 (pbk.) | ||
| 040 |
_aDLC _cDLC _dDLC |
||
| 082 | 0 | 0 |
_aWG 21 _222 _bH814m 2008 |
| 100 | 1 |
_aHoughton, Andrew R. _95889 |
|
| 245 | 1 | 0 |
_aMaking sense of the ECG : _ba hands-on guide / _cAndrew R. Houghton, David Gray. |
| 250 | _a3rd ed. | ||
| 260 |
_aLondon : _bHodder Arnold, _c2008. |
||
| 300 |
_axx, 292 p. : _bcol.ill ; _c20 cm. |
||
| 504 | _aIncludes bibliographical references (p. 272-274) and index. | ||
| 650 | 0 |
_aElectrocardiography _vHandbooks, manuals, etc. _916120 |
|
| 650 | 0 |
_aHeart _xDiseases _xDiagnosis _vHandbooks, manuals, etc. _916121 |
|
| 700 | 1 |
_aGray, David, _d1949- _916122 |
|
| 856 | 4 | 1 |
_3Table of contents only _uhttp://www.loc.gov/catdir/toc/fy0903/2008279035.html |
| 906 |
_a7 _bcbc _corigcop _d2 _encip _f20 _gy-gencatlg |
||
| 942 |
_2z _cO_SHELF |
||